[Event "RSA-ch U08 Girls"]
[Site "Bloemfontein"]
[Date "2016.03.22"]
[Round "4"]
[White "Aldum, Carla"]
[Black "Nunnan, Yanti"]
[Result "0-1"]
[WhiteElo "419"]
[BlackElo "423"]
[PlyCount "30"]
[EventDate "2016.03.20"]
[EventType "swiss"]
[EventRounds "11"]
[EventCountry "RSA"]
[SourceTitle "CBM 171 Extra"]
[Source "ChessBase"]
[SourceDate "2016.04.26"]
[SourceVersion "1"]
[SourceVersionDate "2016.04.26"]
[SourceQuality "1"]

1. e4 e5 2. Nf3 Nc6 3. Nc3 Nf6 4. Bc4 Nxe4 5. Nxe4 d5 6. Nc3 dxc4 7. 0-0 Qd6 8. Re1 Qg6 9. Nxe5 Nxe5 10. Rxe5+ Be7 11. Nd5 Bh3 12. Kf1 Qxg2+ 13. Ke1 Bg4 14. Rxe7+ Kd8 15. Ne3 Qg1+ 0-1